000 01625nam a22004217a 4500
003 CHAP
005 20220329142337.0
008 000821d1999 mx rs o00110 spa d
010 _a82071
011 _a83043
020 _a970132675X
035 _a93551
040 _cCHAP
082 0 4 _a317.2
_bI57 1999 Tamp.
110 2 _aInstituto Nacional de Estadística, Geografía e Informática. México
_959304
245 1 0 _aPerspectiva estadística de Tamaulipas
_c/por Instituto Nacional de Estadística, Geografía e Informática
260 _aAguascalientes, Ags. :
_bInstituto Nacional de Estadística, Geografía e Informática,
_c1999.
300 _a81 p. :
_bgráfs. ; cuadros
590 _aBATCH-UPD
_b10
_c20130110
_lUCH01
_h0138
590 _aBATCH-UPD
_b10
_c20130110
_lUCH01
_h0653
590 _aBATCH-UPD
_b10
_c20130409
_lUCH01
_h2136
590 _aBATCH-UPD
_b10
_c20130410
_lUCH01
_h1128
590 _aBATCH-UPD
_b10
_c20130913
_lUCH01
_h2043
590 _aBATCH-UPD
_b10
_c20130914
_lUCH01
_h1300
590 _aCONVERSION
_b10
_c20130109
_lUCH01
_h1346
650 1 4 _aAgricultura
_xEstadísticas
_zTamaulipas.
_91469
650 1 4 _aBosques
_xEstadísticas
_xTamaulipas.
_914163
650 1 4 _aEmpleo
_xTamaulipas.
_936581
650 1 4 _aGanadería
_xEstadísticas
_zTamaulipas.
_944728
650 1 4 _aPoblación
_zTamaulipas.
_989440
650 1 4 _aTamaulipas
_xEstadísticas.
_9111529
650 1 4 _aTamaulipas
_xHistoria.
_9111531
650 1 4 _aVivienda
_xTamaulipas.
_9120148
901 _aBK
905 _aPatricia Mendoza P.
942 _cLIBRO
949 _a317.2 I57 Tamps.
_bBC
_cINEGI
_d33724000787776
_eINEGI
_h98381
_i93551
_si
999 _c82071
_d82071